000 00369 a2200169 4500
001 191312
020 _a85-322-5648-1
040 _cMagnum
100 _aStrausz, Rosa Amanda
240 1 0 _aO livro do pode não pode
_lpor
245 1 0 _aO livro do pode não pode
300 _a28
362 0 _a2005
440 1 _aFTD
697 _aLITERATURA INFANTO
942 _cBK
999 _c191312
_d191312